Fisicoculturismo para principiantes : (Registro nro. 4400)

000 -CABECERA
campo de control de longitud fija 00767nam a2200217 u 4500
001 - NÚMERO DE CONTROL
campo de control 000054829
005 - FECHA Y HORA DE LA ÚLTIMA TRANSACCIÓN
campo de control 20200120222925.0
008 - DATOS DE LONGITUD FIJA--INFORMACIÓN GENERAL
campo de control de longitud fija 130529s1988 mx gr 000 0 spa d
020 ## - NÚMERO INTERNACIONAL ESTÁNDAR DEL LIBRO
Número Internacional Estándar del Libro 9681827112
041 0# - CÓDIGO DE LENGUA
Código de lengua del texto/banda sonora o título independiente "spa
082 04 - NÚMERO DE LA CLASIFICACIÓN DECIMAL DEWEY
Número de clasificación 646.75
Número de documento/Ítem K25
Número de edición 21
100 1# - ENTRADA PRINCIPAL--NOMBRE DE PERSONA
Nombre de persona Kennedy, Robert Emmett
245 10 - MENCIÓN DE TÍTULO
Título Fisicoculturismo para principiantes :
Resto del título programa completo /
Mención de responsabilidad, etc. Robert Kennedy ; versión en español Miguel Angel Vallejo Vizcarra.
260 ## - PUBLICACIÓN, DISTRIBUCIÓN, ETC.
Lugar de publicación, distribución, etc. México ; Bogotá :
Nombre del editor, distribuidor, etc. Noriega Editores : Editorial Limusa,
Fecha de publicación, distribución, etc. 1988.
300 ## - DESCRIPCIÓN FÍSICA
Extensión 233 p. :
Otras características físicas il.
500 ## - NOTA GENERAL
Nota general Incluye índice
534 ## - NOTA SOBRE LA VERSIÓN ORIGINAL
Mención de título del original Start bodybuilding the complete natural program.
Frase introductoria Título original
650 07 - PUNTO DE ACCESO ADICIONAL DE MATERIA--TÉRMINO DE MATERIA
Término de materia o nombre geográfico como elemento de entrada Fisicoculturismo
650 ## - PUNTO DE ACCESO ADICIONAL DE MATERIA--TÉRMINO DE MATERIA
Término de materia o nombre geográfico como elemento de entrada Educación física
700 1# - PUNTO DE ACCESO ADICIONAL--NOMBRE DE PERSONA
Nombre de persona Vallejo Vizcarra, Miguel Angel
Término indicativo de función/relación tr.
Existencias
Estado de retiro Estado de pérdida Fuente del sistema de clasificación o colocación Estado dañado No para préstamo Código de colección Localización permanente Ubicación/localización actual Fecha de adquisición Número de inventario Total de préstamos Signatura topográfica completa Código de barras Fecha visto por última vez Número de copia Precio válido a partir de Tipo de ítem Koha Nota pública
          Colección General Biblioteca Pública San Juan Bosco Biblioteca Pública San Juan Bosco 20/01/2020 106624   646.75 K25 MOS000775 20/01/2020 ej.1 20/01/2020 Libro Ocho días

© Todos los derechos reservados para la Biblioteca Pública Municipal San Juan Bosco, 2020
Secretaria de Cultura de Mosquera
Carrera 3 N° 10 Esquina Centro Cultural Barrio El Carmén Teléfono: 8270830 Ext: 34
Funcionando con KOHA
Contacto: Biblioteca Pública Municipal San Juan Bosco/ bibliotecasanjuanbosco@mosquera-cundinamarca.gov.co
Mosquera, Cundinamarca